USA Knowledge - Statistics

General Stats
  • This quiz has been taken 34 times
  • The average score is 11 of 15
Answer Stats
Question Answer % Correct
What 2 oceans does the US touch Atlantic and Pacific
100%
What empire did the Colonies break away from British Empire
100%
What was the first colony to become a state Delaware
100%
Who created the US National Anthem: The Star Spangled Banner Francis Scott Key
100%
What warfare tactic did the colonists use against the British on the Retreat from Lexington and Concord Guerrilla warfare
100%
What do the 13 stripes on the US Flag represent Colonies
89%
Which two presidents died on the same day and the same year (Fun Fact: they died just a few Hours apart) John Adams and Thomas Jefferson
89%
Who has the largest signature on the US Declaration of Independence John Hancock
89%
Who wrote the Declaration Of Independence Thomas Jefferson
89%
Shortest US president James Madison
78%
What president is believed to have died to Cherries and Milk (Believed doesn't have to be fact, just what was believed) Zachary Taylor
67%
What US state flag was designed by a 13 year old boy? Alaska
56%
What was going to be the 14th colony Vandalia
33%
Who started the French and Indian War John Adams
11%
What US president is in the Wrestling Hall of Fame John Adams
0%
No matching quizzes found
Score Distribution
Percent of People with Each Score
Percentile by Number Answered
Your Score History
You have not taken this quiz